1351 1826 1883 1427 1842 1253 1103 1475 1235 1046 1702 1263 1596 1886 1228 1704 1585 1540 1016 1674 1777 1392 1904 1248 1683 1486 1117 1210 1284 1707 1807 1093 1941 1859 1600 1815 1459 1256 1074 1502 1799 1143 1738 1629 1449 1536 1748 1648 1262 1644 1038 1239 1666 1860 1999 1498 1349 1714 1995 1108 1680 1700 1273 1114 1854 1398 1217 1388 1131 1623 1609 1928 1762 1043 1984 1200 1797 1090 1248 1605 1964 1994 1640 1063 1630 1901 1807 1195 1469 1324 1392 1115 1426 1258 1410 1776 1867 1554 1151 BCNSPRNW ULIB Ver.6.0+V

เปลี่ยนเป็นภาษาไทย

Change to English
 แสดงรายละเอียดบรรณานุกรม
  กลับหน้าหลัก

Brief Record : Get Marc (ISO 2709) : E-mail record : QR code < ปิดหน้าต่าง
LEADER : 00000nam 2200000uu 4500
001    13399128849
003     ULIB
008    241009s2564||||th 000 0 tha d
020    ^a9786165779784
050  4 ^aLB1025.3^bส928ช
100 0  ^aเสรี พงศ์พิศ
245 10 ^aชีวิตที่พอเพียง /^cเสรี พงศ์พิศ
250    ^aพิมพ์ครั้งที่ 1
260    ^aปทุมธานี :^bเจริญวิทย์การพิมพ์,^c2564
300    ^a158 หน้า ;^c19 ซม.
650  4 ^aเศรษฐกิจพอเพียง^xการศึกษาและการสอน
650  4 ^aความคิดและการคิด
650  4 ^aการเรียนรู้
650  4 ^aระบบการเรียนการสอน
650  4 ^aการสอน
945    ^p150^l0^i011094
945    ^p150^l0^i011095
945    ^p150^l0^i011096
999    ^aประนอม เกษจรัล
รายการนี้ยังไม่มีแท็ก
คุณยังไม่ได้ล็อกอิน คุณสามารถมีกิจกรรมร่วมกับเว็บไซต์ได้ แต่ต้องล็อกอินก่อน ::
  ล็อกอิน

รายการสื่อสารสนเทศ

ลำดับที่ ประเภท เลขเรียก/บาร์โค้ด สถานที่ สถานะ
1. การศึกษาทั่วไป
หนังสือสำรอง
สถานะ=หนังสือสำรอง
LB1025.3 ส928ช ฉ.1 
  Barcode: 011094
ห้องสมุดวิทยาเขตสวรรค์ประชารักษ์
►หนังสือทั่วไป
บนชั้น
2. การศึกษาทั่วไป
การศึกษาทั่วไป
LB1025.3 ส928ช ฉ.2 
  Barcode: 011095
ห้องสมุดวิทยาเขตสวรรค์ประชารักษ์
►หนังสือทั่วไป
บนชั้น
3. การศึกษาทั่วไป
การศึกษาทั่วไป
LB1025.3 ส928ช ฉ.3 
  Barcode: 011096
ห้องสมุดวิทยาเขตสวรรค์ประชารักษ์
►หนังสือทั่วไป
บนชั้น

รายการใกล้เคียง
    ผู้แต่ง [เสรี พงศ์พิศ]

    หัวเรื่อง [ความคิดและการคิด]
    หัวเรื่อง [การเรียนรู้]
    หัวเรื่อง [ระบบการเรียนการสอน]
    หัวเรื่อง [การสอน]

BibComment


ยังไม่เคยถูกคอมเมนท์

คอมเมนท์ทรัพยากรรายการนี้
  คอมเมนท์: ชีวิตที่พอเพียง ..


 Copyright 2026. Bcnsprnw @Library